[Event "10th Open"]
[Site "Stuttgart GER"]
[Date "2005.05.05"]
[Round "2"]
[White "Schaaf,Re"]
[Black "Gutman,L"]
[Result "0-1"]
[WhiteElo "2182"]
[BlackElo "2469"]

1.d4 Nf6 2.Bg5 Ne4 3.Bh4 c6 4.f3 Qa5+ 5.Nd2 Qh5 6.Nxe4 Qxh4+ 7.Nf2 e5 8.e4 exd4
9.Qxd4 Be7 10.g3 Qg5 11.Qd2 Qxd2+ 12.Kxd2 O-O 13.Rd1 d5 14.Kc1 Bc5 15.Ngh3 Be6
16.Kb1 Nd7 17.Bg2 Rad8 18.Rhe1 Bxh3 19.Nxh3 dxe4 20.fxe4 Ne5 21.Nf4 Bf2 22.Rf1 Nc4
23.Nd3 Bb6 24.Rfe1 Rfe8 25.Re2 Rd6 26.Rde1 Ba5 27.b4 Bb6 28.e5 Rd4 29.Kc1 a5
30.b5 cxb5 31.Bxb7 b4 32.Re4 Na3 33.Rxd4 Bxd4 34.Bd5 Rd8 35.e6 fxe6 36.Bxe6+ Kf8
37.Bb3 Re8 38.Rxe8+ Kxe8 39.Kd2 Ke7 40.Nf4 Be5 41.Nd5+ Kd6 42.Ne3 Kc5 43.Kd3 Nb5
44.Nc4 Bc7 45.Nd2 Na7 46.Ne4+ Kb5 47.c3 bxc3 48.Nxc3+ Kc5 49.Ke4 Nc6 50.Bg8 h6
51.Nd5 Be5 52.Ne3 Bd4 53.Nc2 Bf6 54.h4 Ne7 55.Bf7 Nc8 56.Be6 Nd6+ 57.Kf4 Bd8
58.h5 Bc7 59.Kf3 Ne8 60.g4 Kd6 61.Bf7 Nf6 62.Ne1 Ke7 63.Bb3 Nd7 64.Nd3 Bb6
65.Bg8  0-1

[Event "IM"]
[Site "Ostrava CZE"]
[Date "2005.05.06"]
[Round "7"]
[White "Karhanek,P"]
[Black "Priborsky,J"]
[Result "0-1"]
[WhiteElo "2206"]
[BlackElo "2320"]

1.d4 Nf6 2.Bg5 Ne4 3.Bf4 c5 4.f3 Qa5+ 5.c3 Nf6 6.Nd2 cxd4 7.Nb3 Qd8 8.cxd4 d5
9.e3 e6 10.Rc1 Nc6 11.Bb5 Bd7 12.Ne2 Bb4+ 13.Kf2 O-O 14.g4 Re8 15.h4 e5 16.dxe5 Nxe5
17.Bxd7 Qxd7 18.Qd4 Nxf3 19.Qxb4 Qxg4 20.Ng3 Nxh4 21.Rxh4 Qxh4 22.Rh1 Ng4+
23.Kg1 Qf6 24.Qd2 g5 25.Qe2 Ne5 26.Nh5 Qg6 27.Kh2 Kf8 28.Rg1 g4 29.Ng3 Nf3+
30.Kg2 Nxg1 31.Kxg1 Rac8 32.Nd4 Rc4 33.Ngf5 h5 34.b3 Rc1+ 35.Kg2 Kg8 36.Qb5 Rc6
37.Qxd5 Rf6 38.Qd7 Rfe6 39.Nxe6 Qxe6 40.Qxe6 Rxe6 41.Kg3 Ra6 42.a4 Kh7 43.Kh4 Rb6
44.Nd4 Kg6 45.Be5 Ra6 46.e4 Ra5 47.Nb5 Ra6 48.Nd4 Rb6 49.a5 Rb4 50.Ne2 Rxe4
51.Nf4+ Kf5  0-1

[Event "FSGM May"]
[Site "Budapest HUN"]
[Date "2005.05.10"]
[Round "4"]
[White "Nguyen Ngoc Truongson"]
[Black "Ilincic,Z"]
[Result "1-0"]
[WhiteElo "2527"]
[BlackElo "2473"]

1.d4 Nf6 2.Bg5 Ne4 3.Bf4 c5 4.f3 Nf6 5.dxc5 b6 6.e4 Nc6 7.Bb5 Bb7 8.Nc3 bxc5
9.Nge2 e6 10.Bd6 a6 11.Ba4 Bxd6 12.Qxd6 Qe7 13.Qc7 Qd8 14.Qd6 Qe7 15.O-O-O Qxd6
16.Rxd6 Ke7 17.Rhd1 Rhd8 18.Bxc6 Bxc6 19.Kb1 Ne8 20.R6d2 d6 21.Nc1 a5 22.Nd3 f6
23.b3 a4 24.b4 cxb4 25.Nxb4 Rdb8 26.a3 Ra5 27.Ka1 Bd7 28.f4 Rc8 29.Rd3 h5
30.Re1 Kd8 31.e5 Rc4 32.g3 fxe5 33.fxe5 dxe5 34.Ne4 Ke7 35.Nd2 Rcc5 36.Kb2 Nf6
37.c4 Be8 38.Rde3 Ng4 39.R3e2 Bg6 40.h3 Nf6 41.Re3 e4 42.Kc3 Bf5 43.g4 hxg4
44.hxg4 Nxg4 45.Rg3 e3 46.Nf1 Rc8 47.Nc2 Rb8 48.Nd4 Kf6 49.Nxe3 Nxe3 50.Rgxe3 Ra6
51.c5 Ra5 52.Re5 g6 53.Kc4 Rb2 54.R5e2 Rxe2 55.Rxe2 Ra8 56.c6 e5 57.Nb5 e4
58.c7 Ke5 59.Kc5 Kf4 60.Nd6 e3 61.Kd4  1-0

[Event "Torch Real Estate Cup"]
[Site "Wuxi CHN"]
[Date "2005.05.10"]
[Round "9"]
[White "Wang Wenhao"]
[Black "Zhou Jianchao"]
[Result "0-1"]
[WhiteElo "2387"]
[BlackElo "2473"]

1.d4 Nf6 2.Bg5 Ne4 3.Bf4 c5 4.f3 Qa5+ 5.c3 Nf6 6.Nd2 cxd4 7.Nb3 Qf5 8.Bxb8 Rxb8
9.Qxd4 b6 10.e4 Qf4 11.Nh3 Qc7 12.e5 Ng8 13.O-O-O e6 14.Bd3 Ne7 15.Qd6 Qxd6
16.exd6 Nd5 17.Rhe1 Nf6 18.Be4 Nxe4 19.Rxe4 Bb7 20.Ra4 a5 21.c4 Bc6 22.Ra3 e5
23.Na1 f6 24.Nc2 Kf7 25.Nf2 g6 26.b4 axb4 27.Nxb4 Rc8 28.Kb2 Ke6 29.Ra6 Bxd6
30.a3 Bc5 31.Nxc6 Rxc6 32.Nd3 Be3 33.Kb3 Rhc8 34.Re1 Bd4 35.Rc1 Rd6 36.Re1 g5
37.Nb4 Bc5 38.Nd5 b5 39.Rxd6+ Bxd6 40.Ne3 bxc4+ 41.Nxc4 Be7 42.a4 d5 43.Ne3 Rb8+
44.Kc2 Bc5  0-1

[Event "ch-EST"]
[Site "Tallinn EST"]
[Date "2005.05.12"]
[Round "4"]
[White "Kanep,M"]
[Black "Zjukin,S"]
[Result "1-0"]
[WhiteElo "2474"]
[BlackElo "2373"]

1.d4 Nf6 2.Bg5 Ne4 3.h4 c5 4.dxc5 Qa5+ 5.Nd2 Nxg5 6.hxg5 g6 7.Rh4 Nc6 8.Rc4 d5
9.cxd6 Be6 10.e3 Bxc4 11.Bxc4 e6 12.b4 Qxg5 13.d7+ Kd8 14.Ngf3 Qe7 15.b5 Nb8
16.Ne4 Nxd7 17.Qd4 Rg8 18.O-O-O Kc8 19.Rd3 f5 20.Nf6 Nxf6 21.Bxe6+ Kc7 22.Rc3+  1-0

[Event "Capablanca Mem Elite"]
[Site "Havana CUB"]
[Date "2005.05.15"]
[Round "10"]
[White "Bruzon,L"]
[Black "Jobava,Ba"]
[Result "1-0"]
[WhiteElo "2669"]
[BlackElo "2637"]

1.d4 Nf6 2.Bg5 Ne4 3.Bf4 d5 4.e3 c5 5.Bd3 Nc6 6.Bxe4 dxe4 7.Ne2 cxd4 8.exd4 Bg4
9.h3 Bxe2 10.Qxe2 Qxd4 11.Nc3 e5 12.Be3 Qb4 13.O-O-O Be7 14.Qg4 Kf8 15.Nd5 Qa5
16.Nxe7 Nxe7 17.Qd7 Rc8 18.Bc5 Re8 19.Rd5  1-0

[Event "FSGM May"]
[Site "Budapest HUN"]
[Date "2005.05.16"]
[Round "10"]
[White "Hoang Thanh Trang"]
[Black "Seger,R"]
[Result "1-0"]
[WhiteElo "2470"]
[BlackElo "2416"]

1.d4 Nf6 2.Bg5 Ne4 3.Bf4 c5 4.f3 Qa5+ 5.c3 Nf6 6.Nd2 cxd4 7.Nb3 Qb6 8.Qxd4 Nc6
9.Qxb6 axb6 10.Be3 b5 11.Nd4 Nxd4 12.Bxd4 d5 13.e4 dxe4 14.Bxf6 exf6 15.Bxb5+ Bd7
16.Bxd7+ Kxd7 17.fxe4 Bd6 18.Nf3 Rhe8 19.Nd2 Bf4 20.Kf2 Bxd2 21.Rhd1 Rxe4
22.Rxd2+ Kc7 23.b3 Ra3 24.Re1 Re6 25.Re3 h5 26.c4 b6 27.Red3 Kc6 28.Rd8 g6
29.Rf8 Re7 30.Rc8+ Kb7 31.Rcd8 Kc7 32.R8d5 Ra8 33.a4 Ra5 34.Kf3 Rxd5 35.Rxd5 Re5
36.b4 Kc6 37.Rd8 Rf5+ 38.Ke3 Rf1 39.b5+ Kc5 40.Rc8+ Kb4 41.Rc6 Ka5 42.c5 Re1+
43.Kd2 Re5 44.Rxb6 Rd5+ 45.Ke3 Rxc5 46.Ra6+  1-0

[Event "48th TCh-SCG"]
[Site "Herceg Novi SCG"]
[Date "2005.05.16"]
[Round "2"]
[White "Sedlak,N"]
[Black "Pap,M"]
[Result "1-0"]
[WhiteElo "2514"]
[BlackElo "2375"]

1.d4 Nf6 2.Bg5 Ne4 3.Bf4 c5 4.d5 d6 5.Nd2 Nf6 6.e4 g6 7.c3 Bg7 8.h4 O-O 9.Be2 e6
10.dxe6 Bxe6 11.h5 d5 12.hxg6 hxg6 13.Bg5 Qc7 14.exd5 Nxd5 15.Qa4 f6 16.Qe4 Qf7
17.Qh4 Re8 18.Qh7+ Kf8 19.Bh6 Bxh6 20.Qxh6+ Qg7 21.Qh2 Nc6 22.O-O-O f5 23.Qd6+ Re7
24.Rh3 Rd8 25.Qh2 Bg8 26.g4 Qe5 27.gxf5 Qxh2 28.Rxh2 Nf4 29.Bb5 gxf5 30.Nh3 Nxh3
31.Rxh3 Ne5 32.Rh5 Bh7 33.Rdh1 Kg8 34.R1h3 a6 35.Be2 Rdd7 36.f4 Ng4 37.Rg5+ Kf8
38.Rxh7 Rxh7 39.Rxf5+ Rhf7 40.Bxg4 Rxf5 41.Bxf5 Rf7 42.Bc8 Rxf4 43.Bxb7 Rf6
44.Bd5 Ke7 45.Ne4 Rf5 46.c4  1-0

[Event "48th TCh-SCG"]
[Site "Herceg Novi SCG"]
[Date "2005.05.16"]
[Round "2"]
[White "Kosic,D"]
[Black "Maksimovic,B"]
[Result "1/2-1/2"]
[WhiteElo "2515"]
[BlackElo "2385"]

1.d4 Nf6 2.Bg5 Ne4 3.Bf4 c5 4.f3 Qa5+ 5.c3 Nf6 6.Nd2 cxd4 7.Nb3 Qb6 8.Qxd4 Nc6
9.Qxb6 axb6 10.Nd4 e5 11.Nxc6 exf4 12.Nd4 Ra5 13.g3 Bd6 14.Kf2 O-O 15.Nh3 Nd5
16.Nxf4 Nxf4 17.gxf4 Bxf4 18.e3 Bg5 19.Bh3 g6 20.Rhd1 Re8 21.f4 Bh4+ 22.Kf3 Be7
23.Bg4 h5 24.Bh3 g5 25.fxg5 Bxg5 26.Nc2 Rae5 27.Rd3 Kf8 28.Rad1 b5 29.Bxd7 Bxd7
30.Rxd7 Bxe3 31.R7d5 Bc5 32.R1d2 R8e6 33.Rxe5 Rxe5 34.a3 Ke7 35.h3 Kf6 36.h4  1/2-1/2

[Event "ch-EST"]
[Site "Tallinn EST"]
[Date "2005.05.16"]
[Round "9"]
[White "Kanep,M"]
[Black "Seeman,T"]
[Result "1-0"]
[WhiteElo "2474"]
[BlackElo "2401"]

1.d4 Nf6 2.Bg5 Ne4 3.h4 c5 4.dxc5 Qa5+ 5.Nd2 Nxg5 6.hxg5 Qxc5 7.g6 fxg6 8.Ngf3 Nc6
9.c3 d6 10.e3 Bg4 11.Rh4 Be6 12.Ne4 Qb6 13.Bd3 Bf5 14.g4 Bxe4 15.Bxe4 Qxb2
16.Bxg6+ Kd8 17.Rc1 Qxa2 18.Ng5 Ne5 19.Be4 Kc7 20.Rb1 Rb8 21.f4 Nc6 22.Bd5 Qa5
23.Qd3 e5 24.Ne6+ Kd7 25.Nxf8+ Rhxf8 26.Rxh7 Ne7 27.Rxg7 exf4 28.exf4 Qc5
29.f5 Kd8 30.Be4 d5 31.Rd1 Qg1+ 32.Ke2 Qh2+ 33.Kf1 Rf6 34.Qe2 Qe5  1-0

[Event "Open"]
[Site "Znojmo CZE"]
[Date "2005.05.17"]
[Round "4"]
[White "Adam,P"]
[Black "Stokke,K"]
[Result "1-0"]
[WhiteElo "2129"]
[BlackElo "2226"]

1.d4 Nf6 2.Bg5 Ne4 3.Bf4 c5 4.f3 Qa5+ 5.c3 Nf6 6.Nd2 cxd4 7.Nb3 Qb6 8.Qxd4 Nc6
9.Qxb6 axb6 10.Nd4 Nxd4 11.cxd4 d5 12.e3 e6 13.Bc7 Nd7 14.Bb5 Bb4+ 15.Kf2 Ke7
16.a3 Bd6 17.Bxd6+ Kxd6 18.Ne2 Nf6 19.Rhc1 Bd7 20.Nc3 Rhc8 21.Ke2 Bxb5+ 22.Nxb5+ Kd7
23.Kd2 Rc6 24.Rc3 Ne8 25.Rac1 Ra5 26.Rb3 Ra4 27.Rcc3 Nc7 28.Nxc7 Kxc7 29.Rc2 Rac4
30.Rxc4 Rxc4 31.Rc3 Rc6 32.Kc2 f6 33.Kb3 e5 34.Kb4 exd4 35.exd4 Kd7 36.Kb5 Re6
37.Rc2 Kd8 38.a4 Kd7 39.b4 Kd8 40.a5 bxa5 41.bxa5 Kd7 42.Rc5 Rd6 43.g4 g6
44.f4 f5 45.g5 Kd8 46.Rc2 Re6 47.Rc5 Rd6 48.h4 Kd7 49.Kb4 Kd8 50.Rb5 Kc7
51.Kc5 Re6 52.Rb6 Re4 53.a6 bxa6 54.Rxa6 Rxf4 55.Ra7+ Kd8 56.Rxh7 Rg4 57.Kxd5 f4
58.Kd6 Ke8 59.Ke6 Kd8 60.d5 f3 61.Rf7 Rxh4 62.Rxf3 Rg4 63.Rf8+ Kc7 64.d6+ Kc6
65.Rc8+ Kb7 66.d7  1-0

[Event "48th TCh-SCG"]
[Site "Herceg Novi SCG"]
[Date "2005.05.18"]
[Round "4"]
[White "Maksimovic,B"]
[Black "Dujkovic,S"]
[Result "1-0"]
[WhiteElo "2385"]
[BlackElo "2387"]

1.d4 Nf6 2.Bg5 Ne4 3.Bf4 c5 4.f3 Qa5+ 5.c3 Nf6 6.Nd2 cxd4 7.Nb3 Qb6 8.Qxd4 Nc6
9.Qxb6 axb6 10.Nd4 Nxd4 11.cxd4 d5 12.e3 Bd7 13.Ne2 b5 14.Nc3 b4 15.Nb5 Ra5
16.a4 bxa3 17.Rxa3 Rxa3 18.bxa3 Bc6 19.Bd3 e6 20.Kf2 Be7 21.Nd6+ Bxd6 22.Bxd6 Kd7
23.Bb4 Ne8 24.h4 h5 25.e4 Nd6 26.Ke3 Bb5 27.Bb1 Nc4+ 28.Kf4 Bc6 29.Bd3 f6
30.Rh3 e5+ 31.dxe5 Nxe5 32.Bb1 Ke6 33.exd5+ Bxd5 34.Rh1 Kf7 35.Rd1 Be6 36.Be4 b5
37.Rd6 Rc8 38.Rxe6  1-0

[Event "Open"]
[Site "Znojmo CZE"]
[Date "2005.05.21"]
[Round "8"]
[White "Adam,P"]
[Black "Dobes,O"]
[Result "1/2-1/2"]
[WhiteElo "2129"]
[BlackElo "2079"]

1.d4 Nf6 2.Bg5 Ne4 3.Bf4 d5 4.e3 Bf5 5.Bd3 e6 6.c3 Bd6 7.Nf3 c6 8.Qb3 Bxf4
9.exf4 Qc7 10.O-O O-O 11.Bxe4 Bxe4 12.Nbd2 Bxf3 13.Nxf3 Nd7  1/2-1/2

[Event "ch-UKR sf"]
[Site "Alushta UKR"]
[Date "2005.05.22"]
[Round "7"]
[White "Savvopulo,A"]
[Black "Shmeliov,D"]
[Result "0-1"]
[WhiteElo "2175"]
[BlackElo "2244"]

1.d4 Nf6 2.Bg5 Ne4 3.Bh4 d5 4.f3 Nd6 5.Nd2 Bf5 6.c3 c6 7.g4 Bg6 8.Nh3 f6
9.Bg2 e6 10.Nf4 Bf7 11.Nd3 h5 12.h3 Be7 13.e4 Nc4 14.Qe2 Qc7 15.f4 Nxd2 16.Qxd2 dxe4
17.Bxe4 f5 18.Bxe7 fxe4 19.Nf2 Qxe7 20.g5 Nd7 21.O-O-O O-O-O 22.Qe3 Bg6 23.Rde1 Nb6
24.Nxe4 Nd5 25.Qg3 Rhf8 26.Nc5 Nxf4 27.Rhf1 Ne2+ 28.Rxe2 Rxf1+ 29.Kd2 Qxc5
30.Rxe6 Rxd4+  0-1

[Event "30th Elekes Mem GM"]
[Site "Budapest HUN"]
[Date "2005.05.23"]
[Round "3"]
[White "Nguyen Ngoc Truongson"]
[Black "Galyas,M"]
[Result "1/2-1/2"]
[WhiteElo "2527"]
[BlackElo "2444"]

1.d4 Nf6 2.Bg5 Ne4 3.Bf4 c5 4.f3 Qa5+ 5.c3 Nf6 6.Nd2 cxd4 7.Nb3 Qb6 8.Qxd4 Nc6
9.Qxb6 axb6 10.Be3 d5 11.Bxb6 e5 12.Nc5 Na5 13.Bxa5 Bxc5 14.Bc7 e4 15.Be5 O-O
16.g3 Re8 17.Bxf6 gxf6 18.Bg2 d4 19.fxe4 dxc3 20.bxc3 Ra3 21.Nh3 Rxc3 22.Nf4 Rc2
23.Bf3 b6 24.Kf1 Bd4 25.Rd1 Be5 26.Nd5 b5 27.Kg2 Rxa2 28.Rb1 f5 29.exf5 Bxf5
30.Rxb5 Bd3 31.Nb4 Rxe2+ 32.Bxe2 Bxb5 33.Bxb5 Rb8 34.Nd5 Rxb5 35.Rd1 Rb2+
36.Kh3 Kg7 37.Ne3 Re2 38.Nf5+ Kg6 39.Nh4+ Kg7 40.Rc1 Bf6 41.Ng2 Bg5 42.Re1 Rxe1
43.Nxe1 Kg6 44.Kg4 h5+ 45.Kf3 h4 46.Ng2 hxg3 47.hxg3 Kf5 48.Ne1  1/2-1/2

[Event "Chigorin CC"]
[Site "St Petersburg RUS"]
[Date "2005.05.23"]
[Round "7"]
[White "Abramov,Valen"]
[Black "Sheynin,I"]
[Result "1-0"]
[WhiteElo "2263"]
[BlackElo "2175"]

1.d4 Nf6 2.Bg5 Ne4 3.Bh4 d5 4.f3 Nd6 5.Nc3 c6 6.e4 Qb6 7.Qd2 e6 8.O-O-O Be7
9.Bxe7 Kxe7 10.e5 Ne8 11.Nh3 h6 12.g4 g6 13.Nf4 Qa5 14.Ncxd5+  1-0

[Event "TCh-ROM A"]
[Site "Tusnad ROM"]
[Date "2005.05.24"]
[Round "4"]
[White "Dumitrescu,D"]
[Black "Negulescu,Ad"]
[Result "1/2-1/2"]
[WhiteElo "2353"]
[BlackElo "2421"]

1.d4 Nf6 2.Bg5 Ne4 3.Bh4 d5 4.Nd2 Nxd2 5.Qxd2 c6 6.Nf3 Qb6 7.b3 Bf5 8.e3 e6
9.Bd3 Bxd3 10.Qxd3 Bb4+ 11.c3 Qa6 12.Qc2 Bd6 13.Bg3 c5 14.Bxd6 Qxd6 15.O-O cxd4
16.Nxd4 O-O 17.e4 Nc6 18.Rfd1 Rac8 19.exd5 Qxd5 20.Qe2 Nxd4 21.Rxd4 Qc5 22.Rd3 Rfd8
23.Rad1 Rxd3 24.Qxd3 g6 25.c4 a5 26.Qd7 b6 27.g3 h5 28.h4 Kg7 29.Rd6 Rc7
30.Qd8 Rb7 31.Rd7 Rxd7 32.Qxd7 Kg8 33.Qd8+ Kg7 34.Qd7 Kg8 35.a3 Kg7 36.Qd3 Kf8
37.Qd8+ Kg7 38.Qd2 Kg8 39.Qd7 Kg7 40.Kg2 Kf8 41.Qd8+ Kg7 42.Kf1 a4 43.Qd3 Qxa3
44.Qd4+ Kh7 45.Qf6  1/2-1/2

[Event "69th ch-BUL"]
[Site "Pleven BUL"]
[Date "2005.05.29"]
[Round "8"]
[White "Grigorov,G"]
[Black "Petkov,V"]
[Result "1/2-1/2"]
[WhiteElo "2361"]
[BlackElo "2463"]

1.d4 Nf6 2.Bg5 Ne4 3.Bf4 c5 4.f3 Qa5+ 5.c3 Nf6 6.Nd2 cxd4 7.Nb3 Qd8 8.cxd4 d5
9.e3 Nc6 10.Bd3 g6 11.Ne2 Bg7 12.O-O O-O 13.Nc3 b6 14.Bb5 Bb7 15.e4 Nh5 16.Be3 dxe4
17.fxe4 e6 18.Be2 Nf6 19.Bg5 h6 20.Be3 Ne7 21.Bd3 Rc8 22.Qe2 Ne8 23.Rad1 Nd6
24.Bf4 Nc6 25.e5 Ne8 26.Be4 Rc7 27.Qe3 Ne7 28.Bxb7 Rxb7 29.Bxh6 Nf5 30.Qe4 Bxh6
31.Rxf5 Rd7 32.Rf3 Nc7 33.Rh3 Kg7 34.Qf3 f5 35.exf6+ Rxf6 36.Qe4 Rdf7 37.Rf3 Rxf3
38.gxf3 Bf4 39.Kh1 Qh8 40.Qe2 Kf8 41.Rg1 Bxh2 42.Rxg6 Rh7 43.Kg2 Bd6 44.Kf1 Rh1+
45.Rg1 Qh3+ 46.Qg2 Qxg2+ 47.Kxg2 Rh2+ 48.Kf1 Rxb2 49.Rg2 Rxg2 50.Kxg2 Bb4
51.Ne2 Ke7 52.f4 Kd6 53.Kf3 Kd5 54.Ke3 Kc4 55.Ke4 Bd6 56.f5 exf5+ 57.Kxf5 a5
58.Ke4 Bb4 59.Nf4 a4 60.Nc1 Nb5 61.Nce2 Bd2 62.Nd5 Nd6+ 63.Ke5 Nf7+ 64.Ke6 Ng5+
65.Ke5 b5 66.Nb6+ Kd3 67.Ng3 Nf3+ 68.Kd5 Nxd4 69.Ne4 Nb3 70.Nd6 Be3 71.Nd7 Nd4
72.Nc5+ Kc2 73.Nxb5 Nxb5 74.Nxa4  1/2-1/2

[Event "30th Elekes Mem GM"]
[Site "Budapest HUN"]
[Date "2005.05.30"]
[Round "10"]
[White "Nguyen Ngoc Truongson"]
[Black "Izsak,Gyu"]
[Result "1-0"]
[WhiteElo "2527"]
[BlackElo "2459"]

1.d4 Nf6 2.Bg5 Ne4 3.Bf4 d5 4.e3 e6 5.Bd3 Nf6 6.Nf3 c5 7.c3 Nc6 8.Nbd2 Bd6
9.Bg3 Bxg3 10.hxg3 Qe7 11.a3 h6 12.b4 e5 13.b5 Nxd4 14.cxd4 e4 15.dxc5 exf3
16.Nxf3 Qxc5 17.Qc1 Qd6 18.Qc3 O-O 19.Qb4 Qb6 20.O-O Be6 21.Rfb1 Rac8 22.Nd4 Nd7
23.Qd2 Ne5 24.a4 Qc5 25.a5 b6 26.Bf5 Nc4 27.Qc3 Qe7 28.axb6 axb6 29.Bd3 Qf6
30.Be2 Rc5 31.Ra6 Bc8 32.Ra8 Nd6 33.Qa3 g6 34.Rc1 Kg7 35.Bd3 Rxc1+ 36.Qxc1 Bf5
37.Rxf8 Kxf8 38.Be2 Ne4 39.Bf3 h5 40.Qa1 h4 41.gxh4 Qxh4 42.Qa2 Kg8 43.Qb2 Qe7
44.Qc2 Qb4 45.Nxf5 gxf5 46.Qc8+ Kg7 47.Qxf5 Qe1+ 48.Kh2 Qxf2 49.Qf4 Nd6 50.Kh3 Nc4
51.Qg5+ Kf8 52.Qd8+ Kg7 53.Qxd5 Nxe3 54.Qd4+ Kf8 55.Qxb6 Qe1 56.Qd8+ Kg7
57.Qg5+ Kf8 58.Qc5+ Kg7 59.Qe5+ Kf8 60.b6 Qh1+ 61.Qh2 Qb1 62.Qb8+ Kg7 63.Qe5+  1-0

[Event "TCh-BIH Prem"]
[Site "Neum BIH"]
[Date "2005.06.08"]
[Round "5"]
[White "Golubovic,B"]
[Black "Brenjo,S"]
[Result "1/2-1/2"]
[WhiteElo "2462"]
[BlackElo "2463"]

1.d4 Nf6 2.Bg5 Ne4 3.Bf4 c5 4.f3 Qa5+ 5.c3 Nf6 6.Nd2 cxd4 7.Nb3 Qb6 8.Qxd4 Nc6
9.Qxb6 axb6 10.Nd4 e5 11.Nxc6 exf4 12.Nd4 Bc5 13.g3 Bxd4 14.cxd4 Ra4 15.gxf4 Nd5
16.f5 Rxd4 17.e4 Ne3 18.Ne2 Nc2+ 19.Kf2 Rd2 20.Rc1 d5 21.Bg2 dxe4 22.fxe4 Ke7
23.Rhd1 Rhd8 24.Rxd2 Rxd2 25.Bf3 g6 26.Kg3 gxf5 27.Nc3 f4+ 28.Kxf4 Be6 29.Nd5+ Bxd5
30.exd5 Kd6 31.h4 Nd4 32.Be4 Rxb2 33.Rc8 f5 34.Bd3 Rh2 35.Rd8+ Kc7 36.Rg8 Rxh4+
37.Ke5 Nf3+ 38.Kxf5 Rh5+ 39.Kf4 Ne5 40.Bf5 Ng6+ 41.Bxg6 hxg6 42.Rg7+ Kd6
43.Rxg6+ Kc5 44.Ke4 Rxd5 45.Rxb6 Kxb6 46.Kxd5  1/2-1/2

[Event "PanAmY U16B"]
[Site "Balneario Camboriu BRA"]
[Date "2005.06.13"]
[Round "4"]
[White "Vera,IJ"]
[Black "Iturrizaga,E"]
[Result "1/2-1/2"]
[WhiteElo "2238"]
[BlackElo "2225"]

1.d4 Nf6 2.Bg5 Ne4 3.Bf4 d5 4.f3 Nd6 5.Nc3 e6 6.e4 c6 7.Qd2 b5 8.Bd3 Nc4
9.Bxc4 bxc4 10.Nge2 Be7 11.O-O O-O 12.Be3 Nd7 13.Rae1 a5 14.e5 Rb8 15.Nd1 Qc7
16.f4 f5 17.Rf3 c5 18.Rh3 cxd4 19.Nxd4 Nc5 20.Qe2 g6 21.g4 Ba6 22.gxf5 exf5
23.Qg2 Rbd8 24.c3 Bc8 25.Kh1 Rf7 26.Rg1 Rg7 27.Rh6 Bf8 28.Nf2 Rf7 29.Rh4 Rg7
30.Nh3 Ne4 31.Nf2 Nc5 32.Rh3 a4 33.a3 Qb6 34.Nd1 Qb7 35.Bf2 Nd3 36.Be3 Bc5
37.Qd2 Bf8 38.Bf2 Nc5 39.Bh4 Be7 40.Bxe7 Rxe7 41.Qf2 Rf8 42.Rh6 Rg7 43.Rh3 Be6
44.Qe3 Re8 45.Rhg3 Qc7 46.Qf3 Qd7 47.Ne3 Ne4 48.R3g2 Kh8 49.Rd1 Bg8 50.Qh3 Rb8
51.Qh6 Rf8 52.h3 Be6 53.Nxe6 Qxe6 54.Rxd5 Rc8 55.Rd4 Rgg8 56.Qh4 Rc7 57.Qe1 g5
58.fxg5 Nxg5 59.Qh4 Rcg7 60.Rd6 Qxe5 61.Qd4 Qxd4 62.Rxd4 Re7 63.Rg3 Rge8
64.Rxg5 Rxe3 65.Rxf5 Rg8 66.Rg4 Rxh3+ 67.Kg2 Rxg4+ 68.Kxh3 Rg1 69.Ra5 Rb1
70.Rxa4 Rxb2  1/2-1/2

[Event "Open"]
[Site "Voronezh RUS"]
[Date "2005.06.15"]
[Round "4"]
[White "Lahiri,A"]
[Black "Zakharevich,I"]
[Result "0-1"]
[WhiteElo "2355"]
[BlackElo "2505"]

1.d4 Nf6 2.Bg5 Ne4 3.Bf4 c5 4.f3 Qa5+ 5.c3 Nf6 6.d5 e6 7.e4 exd5 8.exd5 d6
9.Qd2 Be7 10.c4 Qb6 11.Nc3 Nbd7 12.Nge2 Nh5 13.Bg5 Qd8 14.Be3 Bh4+ 15.g3 Ne5
16.Ng1 Be7 17.Be2 a6 18.a4 O-O 19.g4 Nf6 20.h3 h6 21.f4 Ng6 22.Nf3 Nh7 23.f5 Nh4
24.O-O Re8 25.Bf4 Nxf3+ 26.Bxf3 Bh4 27.Qh2 Ng5 28.Bxd6 Re3 29.Bg2 Qb6 30.Bf4 Rd3
31.Bxg5 Bg3 32.Qh1 Qxb2 33.Bf3 Qxc3 34.Rac1 Qd4+ 35.Kg2 hxg5 36.Kxg3 Rd2  0-1

[Event "IV Summer"]
[Site "Alushta UKR"]
[Date "2005.06.18"]
[Round "2"]
[White "Murashko,V"]
[Black "Zolotukhin,V"]
[Result "0-1"]
[WhiteElo "2315"]
[BlackElo "2242"]

1.d4 Nf6 2.Bg5 Ne4 3.Bf4 c5 4.f3 Qa5+ 5.c3 Nf6 6.d5 d6 7.Na3 Nbd7 8.e4 g6
9.Qd2 Bg7 10.g4 O-O 11.h4 Ne5 12.h5 a6 13.hxg6 fxg6 14.Nc4 Nxc4 15.Bxc4 b5
16.Be2 Bxg4 17.fxg4 Nxe4 18.Qe3 Rxf4 19.Qxf4 Bxc3+ 20.Kd1 Qa4+ 21.Kc1 Bxb2+
22.Kxb2 Qb4+ 23.Kc2 Qc3+ 24.Kb1 Nd2+ 25.Qxd2 Qxd2 26.Rh3 c4  0-1

[Event "White Nights"]
[Site "St Petersburg RUS"]
[Date "2005.06.18"]
[Round "1"]
[White "Eliseev,Alexe"]
[Black "Kononov,V"]
[Result "1-0"]
[WhiteElo "2439"]
[BlackElo "2173"]

1.d4 Nf6 2.Bg5 Ne4 3.Bh4 g5 4.f3 gxh4 5.fxe4 c5 6.e3 Qb6 7.Nc3 d6 8.Nd5 Qa5+
9.c3 Bh6 10.Qh5 Bxe3 11.Nxe3  1-0

[Event "White Nights"]
[Site "St Petersburg RUS"]
[Date "2005.06.18"]
[Round "1"]
[White "Nikolaev,Niki"]
[Black "Gutzeit,A"]
[Result "1/2-1/2"]
[WhiteElo "2356"]
[BlackElo "2091"]

1.d4 Nf6 2.Bg5 Ne4 3.Bf4 c5 4.d5 Qb6 5.Nd2 Nxd2 6.Bxd2 d6 7.Bc3 Nd7 8.e4 Nf6
9.f3 g6 10.Bc4 Bg7 11.Ne2 O-O 12.O-O Bd7 13.a4 Qc7 14.Nf4 Ne8 15.Bxg7 Nxg7
16.Qd2 a6 17.a5 Bb5 18.Qc3 Bxc4 19.Qxc4 e5 20.Nd3 Rac8 21.c3 f5 22.Rfc1 fxe4
23.fxe4 Nh5 24.Rf1 Qd7 25.Nf2 Rf7 26.Nh3 h6 27.Rxf7 Kxf7 28.Qe2 Kg7 29.Rf1 Rf8
30.Rxf8 Kxf8 31.Qf3+ Kg7 32.g4 Nf6 33.Nf2 Qa4 34.h4 Qc2 35.Kg2 Qxb2 36.g5 hxg5
37.hxg5 Nh5 38.Qg4 Nf4+ 39.Kg3 Nh5+ 40.Kg2 Nf4+ 41.Kg3 Nh5+  1/2-1/2

[Event "Marx Gyorgy Open"]
[Site "Paks HUN"]
[Date "2005.06.22"]
[Round "9"]
[White "Zakarias,D"]
[Black "Tancsa,R"]
[Result "1/2-1/2"]
[WhiteElo "2265"]
[BlackElo "2253"]

1.d4 Nf6 2.Bg5 Ne4 3.Bf4 c5 4.f3 Qa5+ 5.c3 Nf6 6.Nd2 cxd4 7.Nb3 Qb6 8.Qxd4 Nc6
9.Qxb6 axb6 10.Be3 d5 11.Bxb6 e5 12.e3 Bd6 13.Rd1 Ke7 14.Nc5  1/2-1/2

[Event "6th EICC"]
[Site "Warsaw POL"]
[Date "2005.06.22"]
[Round "5"]
[White "Marzolo,C"]
[Black "Mamedov,Rau"]
[Result "1/2-1/2"]
[WhiteElo "2388"]
[BlackElo "2511"]

1.d4 Nf6 2.Bg5 Ne4 3.Bf4 c5 4.f3 Qa5+ 5.c3 Nf6 6.Nd2 cxd4 7.Nb3 Qb6 8.Qxd4 Nc6
9.Qxb6 axb6 10.Nd4 e5 11.Nxc6 exf4 12.Nd4 Nd5 13.e4 fxe3 14.Bc4 Nc7 15.Nge2 Bc5
16.b4 Bxd4 17.Nxd4 d5 18.Bb3 O-O 19.Ke2 Re8 20.Rhd1 Bd7 21.Rd3 Ne6 22.Nxe6 fxe6
23.Kxe3 Ba4 24.Re1  1/2-1/2

[Event "White Nights"]
[Site "St Petersburg RUS"]
[Date "2005.06.24"]
[Round "7"]
[White "Abramov,Valen"]
[Black "Utkin,Alek"]
[Result "0-1"]
[WhiteElo "2263"]
[BlackElo "2387"]

1.d4 Nf6 2.Bg5 Ne4 3.Bh4 c5 4.f3 g5 5.fxe4 gxh4 6.e3 Bh6 7.Kf2 cxd4 8.exd4 e5
9.Nf3 Nc6 10.c3 d5 11.Bb5 dxe4 12.Nxe5 Qg5 13.Qe2 Qf4+ 14.Ke1 Qc1+ 15.Qd1 Qxb2
16.Qh5 Qc1+ 17.Qd1 Qg5 18.Rf1 Be6 19.Qe2 O-O 20.Bxc6 bxc6 21.Nd2 f5 22.Nb3 Bxb3
23.axb3 c5 24.Rf2 Qe3 25.Qxe3 Bxe3 26.dxc5 Bxf2+ 27.Kxf2 Rfe8 28.Nc4 f4 29.b4 h3
30.gxh3 Rad8 31.Rg1+ Kf8 32.Nd6 Re6 33.Rg4 e3+ 34.Ke1 Rf6 35.b5 Ke7 36.Rg7+ Ke6
37.Rxa7 f3 38.Ra2 Rg8 39.Kf1 Rfg6  0-1

[Event "Torch Real Estate Cup"]
[Site "Xiapu CHN"]
[Date "2005.06.24"]
[Round "17"]
[White "Xu Yang"]
[Black "Yuan Jun"]
[Result "1-0"]
[WhiteElo "2366"]
[BlackElo "2306"]

1.d4 Nf6 2.Bg5 Ne4 3.Bf4 d5 4.f3 Nf6 5.Nc3 e6 6.e4 a6 7.Nge2 b5 8.Ng3 Bb7
9.exd5 Nxd5 10.Nxd5 Bxd5 11.Qd2 c5 12.dxc5 Bxc5 13.Qc3 Qb6 14.O-O-O O-O 15.Nf5 f6
16.Be3 Bxe3+ 17.Nxe3 Bb7 18.Qb3 Kh8 19.Be2 Nc6 20.Rd6 Rac8 21.Rhd1 Qc5 22.Kb1 Na5
23.Qd3 Bd5 24.Rxa6 Rfd8 25.Qc3 Nc4 26.Bxc4 Bxc4 27.Rxd8+ Rxd8 28.a3  1-0

[Event "6th EICC"]
[Site "Warsaw POL"]
[Date "2005.06.26"]
[Round "8"]
[White "Haznedaroglu,K"]
[Black "Chuchelov,V"]
[Result "1/2-1/2"]
[WhiteElo "2440"]
[BlackElo "2571"]

1.d4 Nf6 2.Bg5 Ne4 3.h4 h6 4.Bf4 d5 5.Nd2 Bf5 6.Nxe4 Bxe4 7.Qd2 e6 8.e3 Bd6
9.Ne2 Bh7 10.Rh3 Nc6 11.a3 Bf5 12.Rg3 Qxh4 13.Rxg7 Bg6 14.Bxd6 cxd6 15.Nf4 Ne7
16.Qb4 Kf8 17.Rxg6 Nxg6 18.Nxg6+ fxg6 19.Qxd6+ Kf7 20.Bd3 Rhe8 21.O-O-O Kg7
22.f4 Qe7 23.Qe5+ Qf6 24.Qc7+ Qe7 25.Qc3 Qh4 26.Rf1 Re7 27.Qd2 Rf8 28.Rg1 Qg3
29.Rh1 g5 30.Rh3 Qg4 31.fxg5 Qxg5 32.Qe1 Kh8 33.Rg3 Qh5 34.Rh3 Qg5 35.Rg3  1/2-1/2

[Event "6th Kurass Memorial"]
[Site "Kiev UKR"]
[Date "2005.06.28"]
[Round "8"]
[White "Belezky,S"]
[Black "Karnaukh,A"]
[Result "1-0"]
[WhiteElo "2372"]
[BlackElo "2253"]

1.d4 Nf6 2.Bg5 Ne4 3.Bf4 d5 4.f3 Nf6 5.e4 e6 6.e5 Nfd7 7.Be3 c5 8.c3 Nc6
9.f4 cxd4 10.cxd4 Bb4+ 11.Kf2 Nb6 12.a3 Be7 13.Nd2 Bd7 14.Bd3 g6 15.Ne2 a5
16.Nc3 a4 17.g4 Na5 18.f5 Bh4+ 19.Kf1 Nac4 20.Nxc4 Nxc4 21.Bxc4 dxc4 22.Ne4 O-O
23.g5 exf5 24.Nf6+ Kh8 25.Qf3 Ra6 26.Qf4 Rxf6 27.exf6 Qe8 28.Rg1 Qe4 29.Qxe4 fxe4
30.Bf2 Bxf2 31.Kxf2 Bc6 32.Ke3 h5 33.d5 Bxd5 34.Rad1 Bc6 35.Rd4 Re8 36.Rgd1 Kg8
37.Rd8 Kf8 38.R1d4  1-0

[Event "33rd World Open"]
[Site "Philadelphia USA"]
[Date "2005.06.28"]
[Round "1"]
[White "Fink,S"]
[Black "Mahesh Chandran,P"]
[Result "0-1"]
[WhiteElo "2206"]
[BlackElo "2473"]

1.d4 Nf6 2.Bg5 Ne4 3.Bh4 g5 4.f3 gxh4 5.fxe4 c5 6.e3 Bh6 7.Nd2 Bxe3 8.Ngf3 cxd4
9.Nc4 Nc6 10.c3 d6 11.cxd4 Bf4 12.d5 Ne5 13.Ncxe5 Qa5+ 14.Nd2 dxe5 15.a3 Bd7
16.b4 Qb6 17.Nc4 Qg6 18.Be2 Bxh2 19.Bf3 Bg3+ 20.Ke2 Rc8 21.Rc1 Bb5 22.Qb3 Qa6  0-1